000 01073nam a22003257a 4500
001 BR0402143
003 BR-BrBNA
005 20230928101607.0
007 ta
008 230509b bl.||||| |||| 00| 0 por d
040 _aBR-BrBNA
_bpor
_cBiblioteca Nacional de Agricultura
041 _a(Por)
072 _aP33; U40
_b2120
090 _ 2120 BR0402143
100 1 _aMarques, H.S.
110 1 _aUniversidade Federal de Lavras, MG (Brasil)
_0Tese (Mestrado)
245 1 _aUso de geotecnologias no estudo das relações entre solos, orientação de vertentes e o comportamento espectral de áreas cafeeiras em Machado, Minas Gerais
260 3 _aLavras, MG (Brasil):
_c2003.
300 _a82 p.
500 _aSummaries (Eng, Por); Bibliography p. 70-75; 19 tables; 9 illus.
650 _aCAFÉ
650 _aSOLO
650 _aPROPRIEDADE FÍSICO-QUÍMICA
650 _aSENSORIAMENTO REMOTO
650 _aSISTEMA DE INFORMAÇÃO
650 _aTECNOLOGIA DA INFORMAÇÃO
650 _aMINAS GERAIS
909 _a202309
_bLucia
_c55
_dLucia Elande
942 _cBK
999 _c66606
_d66606